Analýza účtovnej závierky doplňujúci učebný text

Bibliographic Details
Main Author: Šlosárová, Anna, 1952- (Author)
Format: Book
Language:Slovak
PhysicalDescription:134 s. tab. 29 cm
Published: Bratislava Ekonóm Ekonomická univerzita 2016
ISBN:9788022542227
Edition:1. vyd.
Subjects:

MARC

LEADER 00000nam a2200000 a 4500
001 vtls011535797
003 SK-MaSNL
005 20260301183135.0
008 240318s2016 xo a e n 000 0 slo
015 |a SNBA2016/05 
020 |a 9788022542227  |q (brož.) 
035 |a 22EE50C3-92A3-42EB-BD46-DE4FD1E5F45A 
035 |a urn:nbn:sk:snk-amlle7 
035 |a urn:nbn:sk:snk-am00bf6n 
040 |a SNK  |b slo  |c SNK  |e AACR2 
041 0 |a slo 
044 |a xo  |c SK 
072 7 |a 657  |x Účtovníctvo  |2 konspekt 
080 |a 657.37  |2 2011 
080 |a (075.8)  |2 2011 
100 1 |a Šlosárová, Anna,  |d 1952-  |4 aut  |9 199607 
245 1 0 |a Analýza účtovnej závierky  |b doplňujúci učebný text  |c Anna Šlosárová 
250 |a 1. vyd. 
260 |a Bratislava  |b Ekonóm  |b Ekonomická univerzita  |c 2016 
300 |a 134 s.  |b tab.  |c 29 cm 
366 |e 140 výt. 
504 |a Bibliogr.: s. 113-115 
650 0 7 |a účtovná závierka  |2 SNKPH  |9 59787 
650 0 7 |a Financial statements  |2 SNKPHeng  |9 276137 
655 7 |a učebnice vysokých škôl  |2 SNKPH  |9 70191 
655 7 |a Textbooks (higher)  |2 SNKPHeng  |9 276436 
852 |a Štátna vedecká knižnica v Banskej Bystrici 
919 |a 978-80-225-4222-7 
958 |a NB 
999 |c 855978  |d 857908 
952 |a SNK  |b SNK  |y PREZ  |7 0  |p 17A1193691  |o snkSB 90044  |i snk2016/10879  |8 0  |0 0  |1 0  |4 0  |d 2016-04-27  |f 1  |l 0  |r 2025-05-12 00:00:00  |w 2026-02-24 
952 |a SNK  |b SNK  |y VYP  |7 0  |p 17A1193692  |o snkSB 90044 D1  |i snk2016/10880  |8 0  |0 0  |1 0  |4 0  |d 2016-04-27  |l 0  |r 2026-02-24 04:56:17  |w 2026-02-24